000 00695nam a2200217Ia 4500
005 20240120091141.0
008 131103s9999 xx 000 0 und d
020 _a81-87374-09-8
_cRs. 695
040 _aLoreto College
041 _aEnglish
082 _a352.14
_bRAI
245 4 _aThe state of Panchayats
_b A participatory perspective
_cManoj Rai, Malini Nambiar, Sohini Paul, Sangeeta U. Singh, Satinder S. Sahni, editors
260 _aNew Delhi
_bSamskriti
_c2001
300 _ax,347p., illus. 22 cm.
504 _aIncludes glossary and index
650 _aPanchayats,India
651 _aLocal self government, India
700 _aRai, Manoj, ed.
850 _aLCLIB
942 _cBK
999 _c2126
_d52605